00456nam a2200169Ia 4500003000400000005001700004008004100021020001800062040000700080041001200087082001700099100001900116245006400135260004200199300003200241365001300273OSt20251010113008.0210423s1998 xx 000 0 und d a9788120314030 cAL aEnglish a808.51bROZC aLaurie Rozakis aComplete idiots guide to speaking in public with confidence aNew DelhibPHI Learning Pvt Ltdc1998 axxiii,280p.bPBc23.5x18cm. b195cINR